Ч. 1: Солнце в интерьере Галактики; Фамильные тайны Солнечной системы

Detalles Bibliográficos
Parent link:Фамильные тайны Солнечной системы/ С. И. Дубкова. Ч. 1: Солнце в интерьере Галактики.— , 2005-
Idioma:ruso
Publicado: 2005
Subjects:
Formato: Libro
KOHA link:https://koha.lib.tpu.ru/cgi-bin/koha/opac-detail.pl?biblionumber=90104

MARC

LEADER 00000nam2a2200000 4500
001 90104
005 20231031103333.0
010 |a 5779308934 
035 |a (RuTPU)RU\TPU\book\96640 
090 |a 90104 
100 |a 20060206d2005 km y0rusy50 ca 
101 0 |a rus 
102 |a RU 
105 |a a z 001zy 
200 0 |a Ч. 1: Солнце в интерьере Галактики 
210 |d 2005 
215 |a 192 с.  |c ил. 
320 |a Словарь астрономических терминов: с. 170-191 
461 1 |0 (RuTPU)RU\TPU\book\97029  |t Фамильные тайны Солнечной системы  |f С. И. Дубкова  |v Ч. 1: Солнце в интерьере Галактики  |d 2005-  |s Энциклопедия тайн и загадок Вселенной 
610 1 |a астрономические наблюдения 
610 1 |a астрономия 
610 1 |a Солнце 
610 1 |a планеты 
610 1 |a история 
610 1 |a искусственные спутники 
610 1 |a космические зонды 
610 1 |a НЛО 
610 1 |a внеземной разум 
610 1 |a космология 
610 1 |a планетные системы 
675 |a 520  |v 3 
675 |a 523.9  |v 3 
801 1 |a RU  |b 63413507  |c 20060206  |g PSBO 
801 2 |a RU  |b 63413507  |c 20060210  |g PSBO 
942 |c BK